00753nam a2200217Ia 450000500170000000800410001702000180005804100080007608200150008410000200009924500790011925000110019826000410020950000290025065000360027970000200031590600090033594200070034499900170035195201670036820251121153517.0230125s9999 xx 000 0 und d a9788184958966 aeng a158.1bPAT aPatni U9215320 aAspire Before YoubA World Class Manual on Why & how to Pursue Your Dreams aEd.1st c2016bJaico Publishing HouseaMumbai aPersonality Development  aPersonality Development9213420 aPatni U9215320 b77.5 cBK c94742d94742 00104070aHIMRbHIMRd2017-03-16eSuyog Enterprisesg250.00iSE/SI/3867l0o158.1 PAT B15621pHIMR-BK-15621r2023-01-25 00:00:00v172.50w2017-03-08yBKzB15621